The trimmed lamp : (Record no. 17405)
[ view plain ]
| 000 -LEADER | |
|---|---|
| fixed length control field | 00783nam a2200265I 4500 |
| 001 - CONTROL NUMBER | |
| control field | 17405 |
| 003 - CONTROL NUMBER IDENTIFIER | |
| rucl marc code | BD-RjUL |
| 005 - DATE AND TIME OF LATEST TRANSACTION | |
| control field | 20211209000131.0 |
| 008 - FIXED-LENGTH DATA ELEMENTS--GENERAL INFORMATION | |
| fixed length control field | 140217s19161907nyu 000 1 eng d |
| 035 ## - SYSTEM CONTROL NUMBER | |
| System control number | MITb10545196 |
| System control number | (OCoLC)12317828 |
| -- | (BD-RjUL)17463 |
| System control number | GLIS00545196 |
| 040 ## - CATALOGING SOURCE | |
| Original cataloging agency | IAO |
| Transcribing agency | IAO |
| Modifying agency | m/c |
| -- | RCD |
| -- | BD-RjUL |
| Language of cataloging | eng |
| 041 ## - LANGUAGE CODE | |
| Language code of text/sound track or separate title | eng |
| 082 ## - DEWEY DECIMAL CLASSIFICATION NUMBER | |
| Classification number | 813.0108 |
| Author mark and year | HET 1916 |
| 090 ## - LOCALLY ASSIGNED LC-TYPE CALL NUMBER (OCLC); LOCAL CALL NUMBER (OCLC) | |
| Classification number (OCLC) (R) ; Classification number, CALL (RLIN) (NR) | PS2649.P5 |
| Local cutter number (OCLC) ; Book number/undivided call number, CALL (RLIN) | T7 |
| 099 ## - LOCAL FREE-TEXT CALL NUMBER (OCLC) | |
| Bangla Class number | PS2649.P5.T7 |
| 100 1# - MAIN ENTRY--PERSONAL NAME | |
| Personal name | Henry, O., |
| Dates associated with a name | 1862-1910. |
| 9 (RLIN) | 51671 |
| 245 14 - TITLE STATEMENT | |
| Title | The trimmed lamp : |
| Remainder of title | and other stories of the four million / |
| Statement of responsibility, etc. | O. Henry. |
| 260 ## - PUBLICATION, DISTRIBUTION, ETC. (IMPRINT) | |
| Place of publication, distribution, etc. | Garden City, N.Y. : |
| Name of publisher, distributor, etc. | Doubleday, |
| Date of publication, distribution, etc. | c1907,1916. |
| 300 ## - PHYSICAL DESCRIPTION | |
| Pagination | 260 p. : |
| Size | 20 cm. |
| 650 ## - SUBJECT ADDED ENTRY--TOPICAL TERM | |
| Topical term or geographic name as entry element | Short stories, American. |
| 9 (RLIN) | 51456 |
| 942 ## - ADDED ENTRY ELEMENTS (KOHA) | |
| Source of classification or shelving scheme | Dewey Decimal Classification |
| Koha item type | Books |
| 949 ## - LOCAL PROCESSING INFORMATION (OCLC) | |
| a | MYGH |
| b | 39080003968655 |
| Lost status | Source of classification or shelving scheme | Damaged status | Not for loan | Collection code | Permanent Location | Current Location | Shelving location | Date acquired | Source of acquisition | Total Checkouts | Full call number | Date last seen | Copy number | Koha item type |
|---|---|---|---|---|---|---|---|---|---|---|---|---|---|---|
| Dewey Decimal Classification | Not For Loan | Fiction | Central Library, University of Rajshahi | Central Library, University of Rajshahi | Reading Room | 30/06/1961 | Asia Foundation | 813.0108 HET 1916 | 17/02/2014 | C-1 | Books |